Christian Denominations Quiz Stats

 Plays Quiz Updated Mar 8, 2018

Support Sporcle.
Go Orange.
Score 0/18 Timer 05:00
0 Plays Today
Adherents Branch % Correct
1.2 billionCatholic
98.2%
75 millionBaptist
84%
65 millionLutheran
72.4%
80 millionMethodist
72%
15.6 millionLatter Day Saints
68.8%
85 millionAnglican
67.3%
75 millionReformed
63.5%
240 millionOrthodox
55.3%
8.2 millionJehovah's Witnesses
39.9%
Adherents Branch % Correct
105 millionPentecostal
30%
12.0 millionAdventist
27.7%
300 thousandReligious Society of Friends
23.8%
5.4 millionStone-Campbell
18.9%
2.1 millionMennonite
15.2%
1.5 millionNew Thought
12.2%
110 millionAfrican Indigenous Sects
4.9%
1.5 millionBrethren
4.8%
10 millionApostolic
4.4%

You're not logged in!

Compare scores with friends on all Sporcle quizzes.
OR
Log In

From the Vault

Great Lakes Consonants

by Flick

This is one quiz that is sure to make a ripple.
Remove Ads.
Support Sporcle.
Get the best of Sporcle when you Go Orange. This ad-free experience offers more features, more stats, and more fun while also helping to support Sporcle. Thank you for becoming a member.

Show Comments

Extras

Top Quizzes Today


Score Distribution

Your Account Isn't Verified!

In order to create a playlist on Sporcle, you need to verify the email address you used during registration. Go to your Sporcle Settings to finish the process.

Report this User

Report this user for behavior that violates our Community Guidelines.

Details: